Darśanera bhūmikā / (Record no. 65889)

MARC details
000 -LEADER
fixed length control field 00725cam a22002531 4500
001 - CONTROL NUMBER
control field sa 65008823
003 - CONTROL NUMBER IDENTIFIER
control field DLC
005 - DATE AND TIME OF LATEST TRANSACTION
control field 20260227112158.0
008 - FIXED-LENGTH DATA ELEMENTS--GENERAL INFORMATION
fixed length control field 930201s1962 ii b 000 0 beno
010 ## - LIBRARY OF CONGRESS CONTROL NUMBER
LC control number sa 65008823
025 ## - OVERSEAS ACQUISITION NUMBER
Overseas acquisition number PL480 : I-B-1867
035 ## - SYSTEM CONTROL NUMBER
System control number (OCoLC)28264269
040 ## - CATALOGING SOURCE
Original cataloging agency DLC
Transcribing agency ICU
Modifying agency TxU
-- DLC
042 ## - AUTHENTICATION CODE
Authentication code premarc
050 00 - LIBRARY OF CONGRESS CALL NUMBER
Classification number BD28
Item number .C45
100 1# - MAIN ENTRY--PERSONAL NAME
Personal name Chakravarty, Nirod Baran.
245 10 - TITLE STATEMENT
Title Darśanera bhūmikā /
Statement of responsibility, etc. [lekhaka] Nīradabarana Cakrabartī.
250 ## - EDITION STATEMENT
Edition statement 2. samskaraṇa.
260 ## - PUBLICATION, DISTRIBUTION, ETC.
Place of publication, distribution, etc. Kalikātā :
Name of publisher, distributor, etc. E. Mūkhārjī,
Date of publication, distribution, etc. [1962/63]
300 ## - PHYSICAL DESCRIPTION
Extent 8, 277 p.
Dimensions 23 cm.
500 ## - GENERAL NOTE
General note In Bengali.
504 ## - BIBLIOGRAPHY, ETC. NOTE
Bibliography, etc. note Includes bibliographical references.
650 #0 - SUBJECT ADDED ENTRY--TOPICAL TERM
Topical term or geographic name entry element Philosophy
Form subdivision Introductions.

No items available.

Powered by Koha